MARC

LEADER 00000nam0a2200000 4500
001 277300
005 20231101235013.0
035 |a (RuTPU)RU\TPU\book\300573 
090 |a 277300 
100 |a 20141201d1980 km y0rusy50 ca 
101 0 |a rus 
102 |a RU 
105 |a a z 001zy 
200 1 |a Пьезоэлектрический метод разведки  |f С. Н. Кондрашев 
210 |a Москва  |c Недра  |d 1980 
215 |a 182 с.  |c ил. 
320 |a Библиогр.: с. 176-179. 
606 1 |a Сейсмическая разведка  |2 stltpush  |3 (RuTPU)RU\TPU\subj\54338  |9 72495 
610 1 |a пьезоэлектричество 
610 1 |a минералы 
610 1 |a пьезоэлектрические свойства 
610 1 |a пьезоэлектрические колебания 
610 1 |a данные 
610 1 |a интерпретация 
610 1 |a аппаратура 
610 1 |a взрыв 
610 1 |a взрывчатые вещества 
610 1 |a упругие волны 
610 1 |a распространение 
610 1 |a пьезоэлектрический метод 
610 1 |a применение 
675 |a 550.834  |v 3 
700 1 |a Кондрашев  |b С. Н.  |g Сергей Никитович 
801 1 |a RU  |b 63413507  |c 20141201 
801 2 |a RU  |b 63413507  |c 20141205  |g RCR 
942 |c BK